<?xml version="1.0" encoding="UTF-8"?>
<record
    xmlns:xsi="http://www.w3.org/2001/XMLSchema-instance"
    xsi:schemaLocation="http://www.loc.gov/MARC21/slim http://www.loc.gov/standards/marcxml/schema/MARC21slim.xsd"
    xmlns="http://www.loc.gov/MARC21/slim">

  <leader>01218nam a22002177a 4500</leader>
  <controlfield tag="003">OSt</controlfield>
  <controlfield tag="005">20180716114306.0</controlfield>
  <controlfield tag="008">180305b        xxu||||| |||| 00| 0 spa d</controlfield>
  <datafield tag="040" ind1=" " ind2=" ">
    <subfield code="c">PJ</subfield>
  </datafield>
  <datafield tag="100" ind1=" " ind2=" ">
    <subfield code="9">1485</subfield>
    <subfield code="a">Abos, Alvaro</subfield>
  </datafield>
  <datafield tag="245" ind1="1" ind2="0">
    <subfield code="a">Delegados del personal. comisiones internas :</subfield>
    <subfield code="b">derecho y realida sindical /</subfield>
    <subfield code="c">Alvaro Abos.</subfield>
  </datafield>
  <datafield tag="260" ind1=" " ind2=" ">
    <subfield code="a">Buenos Aires :</subfield>
    <subfield code="b">Ius,</subfield>
    <subfield code="c">1977.</subfield>
  </datafield>
  <datafield tag="300" ind1=" " ind2=" ">
    <subfield code="a">181 p.</subfield>
    <subfield code="c">21 cm.</subfield>
  </datafield>
  <datafield tag="505" ind1=" " ind2=" ">
    <subfield code="a">Contenido:
Los fundamentos de la representaci&#xF3;n gremial en la empresa -- Las razones de un vac&#xED;o legal -- Naturaleza de la participaci&#xF3;n -- El delegado del personal como &#xF3;rgano directivo del sindicato -- Contenido de la participaci&#xF3;n: funciones de los delegados del personal -- Antecedentes argentinos sobre participaci&#xF3;n del personal -- La participaci&#xF3;n y la negociaci&#xF3;n colectiva -- La participaci&#xF3;n y las leyes sindicales -- El fuero sindical y los representantes legales en la empresa -- Apuntes sobre una experiencia sindical.</subfield>
  </datafield>
  <datafield tag="650" ind1=" " ind2="0">
    <subfield code="9">1316</subfield>
    <subfield code="a">DERECHO LABORAL</subfield>
  </datafield>
  <datafield tag="650" ind1=" " ind2="0">
    <subfield code="9">1367</subfield>
    <subfield code="a">ASOCIACIONES SINDICALES</subfield>
  </datafield>
  <datafield tag="650" ind1=" " ind2="0">
    <subfield code="9">1368</subfield>
    <subfield code="a">CARGOS GREMIALES</subfield>
  </datafield>
  <datafield tag="650" ind1=" " ind2="0">
    <subfield code="9">1369</subfield>
    <subfield code="a">DELEGADO GREMIAL</subfield>
  </datafield>
  <datafield tag="650" ind1=" " ind2="0">
    <subfield code="9">1346</subfield>
    <subfield code="a">NEGOCIACION COLECTIVA</subfield>
  </datafield>
  <datafield tag="942" ind1=" " ind2=" ">
    <subfield code="2">udc</subfield>
    <subfield code="c">LIB</subfield>
    <subfield code="h">349.22:331.105.46</subfield>
    <subfield code="i">ABO</subfield>
  </datafield>
  <datafield tag="999" ind1=" " ind2=" ">
    <subfield code="c">1018</subfield>
    <subfield code="d">1018</subfield>
  </datafield>
  <datafield tag="952" ind1=" " ind2=" ">
    <subfield code="0">0</subfield>
    <subfield code="1">0</subfield>
    <subfield code="2">udc</subfield>
    <subfield code="4">0</subfield>
    <subfield code="7">0</subfield>
    <subfield code="a">DJS</subfield>
    <subfield code="b">DJS</subfield>
    <subfield code="d">2018-07-16</subfield>
    <subfield code="o">349.22:331.105.46 ABO</subfield>
    <subfield code="p">1255</subfield>
    <subfield code="r">2018-07-16</subfield>
    <subfield code="w">2018-07-16</subfield>
    <subfield code="y">LIB</subfield>
  </datafield>
  <datafield tag="952" ind1=" " ind2=" ">
    <subfield code="0">0</subfield>
    <subfield code="1">0</subfield>
    <subfield code="2">udc</subfield>
    <subfield code="4">0</subfield>
    <subfield code="7">0</subfield>
    <subfield code="a">DJN</subfield>
    <subfield code="b">DJN</subfield>
    <subfield code="d">2018-07-16</subfield>
    <subfield code="o">349.22:331.105.46 ABO</subfield>
    <subfield code="p">RG 2455</subfield>
    <subfield code="r">2024-11-28</subfield>
    <subfield code="w">2018-07-16</subfield>
    <subfield code="y">LIB</subfield>
  </datafield>
</record>
